<?xml version="1.0" encoding="UTF-8"?>
<record
    xmlns:xsi="http://www.w3.org/2001/XMLSchema-instance"
    xsi:schemaLocation="http://www.loc.gov/MARC21/slim http://www.loc.gov/standards/marcxml/schema/MARC21slim.xsd"
    xmlns="http://www.loc.gov/MARC21/slim">

  <leader>01151nam a2200265   4500</leader>
  <controlfield tag="001"> </controlfield>
  <controlfield tag="003"> </controlfield>
  <controlfield tag="005">20220525131557.0</controlfield>
  <controlfield tag="008">930125s1990    sp |         |||| ||spa d</controlfield>
  <datafield tag="020" ind1=" " ind2=" ">
    <subfield code="a">8434544903</subfield>
  </datafield>
  <datafield tag="040" ind1=" " ind2=" ">
    <subfield code="a">BPMSU </subfield>
    <subfield code="b">spa</subfield>
    <subfield code="c">BPMSU </subfield>
  </datafield>
  <datafield tag="082" ind1=" " ind2=" ">
    <subfield code="a">R503 </subfield>
    <subfield code="b">E56s 1990</subfield>
    <subfield code="2">22</subfield>
  </datafield>
  <datafield tag="245" ind1="0" ind2="0">
    <subfield code="a">Enciclopedia Salvat de ciencia y t&#xE9;cnica /</subfield>
    <subfield code="c">director Juan Salvat ; pr&#xF3;logo Pedro La&#xED;n Entralgo.</subfield>
  </datafield>
  <datafield tag="246" ind1="1" ind2="8">
    <subfield code="5">Ciencia y t&#xE9;cnica </subfield>
  </datafield>
  <datafield tag="260" ind1=" " ind2=" ">
    <subfield code="a">Barcelona</subfield>
    <subfield code="b">Salvat Editores </subfield>
    <subfield code="c">1990</subfield>
  </datafield>
  <datafield tag="300" ind1=" " ind2=" ">
    <subfield code="a">v. :</subfield>
    <subfield code="b">il., mapas [col.] ; </subfield>
    <subfield code="c">29 cm</subfield>
  </datafield>
  <datafield tag="505" ind1="0" ind2=" ">
    <subfield code="a">v.1 Abaco-Arbol. -- v.2 Arco-Biolog&#xED;a. -- v.3 Bioluminiscencia-Cirug&#xED;a. -- v.4 Cirug&#xED;a-Detector. -- v.5 Detergente-Esqui. -- v.6 Estad&#xED;stica-Gemolog&#xED;a. -- v.7 Gen-Ingenier&#xED;a. -- v.8 Ingenier&#xED;a-Mapa. -- v.9 Mapas-Motor. -- v.10 Motor Diesel-Pelo. -- v.11 Percepci&#xF3;n-Radio. -- v.12 Radio-Soja. -- v.13 Sol-Sanguinea. -- v.14 Transistor-Zootecn&#xED;a ; Indice.</subfield>
  </datafield>
  <datafield tag="650" ind1=" " ind2="4">
    <subfield code="a">Ciencias</subfield>
    <subfield code="v">Enciclopedias</subfield>
  </datafield>
  <datafield tag="650" ind1=" " ind2="4">
    <subfield code="a">Tecnolog&#xED;a </subfield>
    <subfield code="v">Enciclopedia </subfield>
  </datafield>
  <datafield tag="700" ind1="1" ind2=" ">
    <subfield code="a">Salvat, Juan, </subfield>
    <subfield code="d">1931-</subfield>
  </datafield>
  <datafield tag="700" ind1="1" ind2=" ">
    <subfield code="a">La&#xED;n Entralgo, Pedro,</subfield>
    <subfield code="d">1908-2001.</subfield>
  </datafield>
  <datafield tag="710" ind1="2" ind2=" ">
    <subfield code="a">Salvat Editores</subfield>
  </datafield>
  <datafield tag="910" ind1=" " ind2=" ">
    <subfield code="a">VMateo V. </subfield>
  </datafield>
  <datafield tag="942" ind1=" " ind2=" ">
    <subfield code="2">ddc</subfield>
    <subfield code="c">BK</subfield>
  </datafield>
  <datafield tag="952" ind1=" " ind2=" ">
    <subfield code="0">0</subfield>
    <subfield code="1">0</subfield>
    <subfield code="2">ddc</subfield>
    <subfield code="4">0</subfield>
    <subfield code="7">0</subfield>
    <subfield code="8">CR-G</subfield>
    <subfield code="a">BPMET</subfield>
    <subfield code="b">BPMET</subfield>
    <subfield code="d">2022-05-25</subfield>
    <subfield code="l">0</subfield>
    <subfield code="o">BPMSU CGRV R503  E56s 1990</subfield>
    <subfield code="p">BPMSU22050061</subfield>
    <subfield code="r">2022-05-25</subfield>
    <subfield code="t">v.1</subfield>
    <subfield code="w">2022-05-25</subfield>
    <subfield code="y">BK</subfield>
  </datafield>
  <datafield tag="952" ind1=" " ind2=" ">
    <subfield code="0">0</subfield>
    <subfield code="1">0</subfield>
    <subfield code="2">ddc</subfield>
    <subfield code="4">0</subfield>
    <subfield code="7">0</subfield>
    <subfield code="8">CR-G</subfield>
    <subfield code="a">BPMET</subfield>
    <subfield code="b">BPMET</subfield>
    <subfield code="d">2022-05-25</subfield>
    <subfield code="l">0</subfield>
    <subfield code="o">BPMSU CGR R503  E56s 1990</subfield>
    <subfield code="p">BPMSU22050062</subfield>
    <subfield code="r">2022-05-25</subfield>
    <subfield code="t">v.2</subfield>
    <subfield code="w">2022-05-25</subfield>
    <subfield code="y">BK</subfield>
  </datafield>
  <datafield tag="952" ind1=" " ind2=" ">
    <subfield code="0">0</subfield>
    <subfield code="1">0</subfield>
    <subfield code="2">ddc</subfield>
    <subfield code="4">0</subfield>
    <subfield code="7">0</subfield>
    <subfield code="8">CR-G</subfield>
    <subfield code="a">BPMET</subfield>
    <subfield code="b">BPMET</subfield>
    <subfield code="d">2022-05-25</subfield>
    <subfield code="l">0</subfield>
    <subfield code="o">BPMSU CGR R503  E56s 1990</subfield>
    <subfield code="p">BPMSU22050063</subfield>
    <subfield code="r">2022-05-25</subfield>
    <subfield code="t">v.3</subfield>
    <subfield code="w">2022-05-25</subfield>
    <subfield code="y">BK</subfield>
  </datafield>
  <datafield tag="952" ind1=" " ind2=" ">
    <subfield code="0">0</subfield>
    <subfield code="1">0</subfield>
    <subfield code="2">ddc</subfield>
    <subfield code="4">0</subfield>
    <subfield code="7">0</subfield>
    <subfield code="8">CR-G</subfield>
    <subfield code="a">BPMET</subfield>
    <subfield code="b">BPMET</subfield>
    <subfield code="d">2022-05-25</subfield>
    <subfield code="l">0</subfield>
    <subfield code="o">BPMSU CGR R503  E56s 1990</subfield>
    <subfield code="p">BPMSU22050064</subfield>
    <subfield code="r">2022-05-25</subfield>
    <subfield code="t">v.4</subfield>
    <subfield code="w">2022-05-25</subfield>
    <subfield code="y">BK</subfield>
  </datafield>
  <datafield tag="952" ind1=" " ind2=" ">
    <subfield code="0">0</subfield>
    <subfield code="1">0</subfield>
    <subfield code="2">ddc</subfield>
    <subfield code="4">0</subfield>
    <subfield code="7">0</subfield>
    <subfield code="8">CR-G</subfield>
    <subfield code="a">BPMET</subfield>
    <subfield code="b">BPMET</subfield>
    <subfield code="d">2022-05-25</subfield>
    <subfield code="o">BPMSU CGR R503  E56s 1990</subfield>
    <subfield code="p">BPMSU22050065</subfield>
    <subfield code="r">2022-05-25</subfield>
    <subfield code="t">v.12</subfield>
    <subfield code="w">2022-05-25</subfield>
    <subfield code="y">BK</subfield>
  </datafield>
  <datafield tag="952" ind1=" " ind2=" ">
    <subfield code="0">0</subfield>
    <subfield code="1">0</subfield>
    <subfield code="2">ddc</subfield>
    <subfield code="4">0</subfield>
    <subfield code="7">0</subfield>
    <subfield code="8">CR-G</subfield>
    <subfield code="a">BPMET</subfield>
    <subfield code="b">BPMET</subfield>
    <subfield code="d">2022-05-25</subfield>
    <subfield code="l">0</subfield>
    <subfield code="o">BPMSU CGR R503  E56s 1990</subfield>
    <subfield code="p">BPMSU22050066</subfield>
    <subfield code="r">2022-05-25</subfield>
    <subfield code="t">v.6</subfield>
    <subfield code="w">2022-05-25</subfield>
    <subfield code="y">BK</subfield>
  </datafield>
  <datafield tag="952" ind1=" " ind2=" ">
    <subfield code="0">0</subfield>
    <subfield code="1">0</subfield>
    <subfield code="2">ddc</subfield>
    <subfield code="4">0</subfield>
    <subfield code="7">0</subfield>
    <subfield code="8">CR-G</subfield>
    <subfield code="a">BPMET</subfield>
    <subfield code="b">BPMET</subfield>
    <subfield code="d">2022-05-25</subfield>
    <subfield code="l">0</subfield>
    <subfield code="o">BPMSU CGR R503  E56s 1990</subfield>
    <subfield code="p">BPMSU22050067</subfield>
    <subfield code="r">2022-05-25</subfield>
    <subfield code="t">v.5</subfield>
    <subfield code="w">2022-05-25</subfield>
    <subfield code="y">BK</subfield>
  </datafield>
  <datafield tag="952" ind1=" " ind2=" ">
    <subfield code="0">0</subfield>
    <subfield code="1">0</subfield>
    <subfield code="2">ddc</subfield>
    <subfield code="4">0</subfield>
    <subfield code="7">0</subfield>
    <subfield code="8">CR-G</subfield>
    <subfield code="a">BPMET</subfield>
    <subfield code="b">BPMET</subfield>
    <subfield code="d">2022-05-25</subfield>
    <subfield code="l">0</subfield>
    <subfield code="o">BPMSU CGR R503  E56s 1990</subfield>
    <subfield code="p">BPMSU22050068</subfield>
    <subfield code="r">2022-05-25</subfield>
    <subfield code="t">v.7</subfield>
    <subfield code="w">2022-05-25</subfield>
    <subfield code="y">BK</subfield>
  </datafield>
  <datafield tag="952" ind1=" " ind2=" ">
    <subfield code="0">0</subfield>
    <subfield code="1">0</subfield>
    <subfield code="2">ddc</subfield>
    <subfield code="4">0</subfield>
    <subfield code="7">0</subfield>
    <subfield code="8">CR-G</subfield>
    <subfield code="a">BPMET</subfield>
    <subfield code="b">BPMET</subfield>
    <subfield code="d">2022-05-25</subfield>
    <subfield code="l">0</subfield>
    <subfield code="o">BPMSU CGR R503  E56s 1990</subfield>
    <subfield code="p">BPMSU22050069</subfield>
    <subfield code="r">2022-05-25</subfield>
    <subfield code="t">v.8</subfield>
    <subfield code="w">2022-05-25</subfield>
    <subfield code="y">BK</subfield>
  </datafield>
  <datafield tag="952" ind1=" " ind2=" ">
    <subfield code="0">0</subfield>
    <subfield code="1">0</subfield>
    <subfield code="2">ddc</subfield>
    <subfield code="4">0</subfield>
    <subfield code="7">0</subfield>
    <subfield code="8">CR-G</subfield>
    <subfield code="a">BPMET</subfield>
    <subfield code="b">BPMET</subfield>
    <subfield code="d">2022-05-25</subfield>
    <subfield code="l">0</subfield>
    <subfield code="o">BPMSU CGR R503  E56s 1990</subfield>
    <subfield code="p">BPMSU22050070</subfield>
    <subfield code="r">2022-05-25</subfield>
    <subfield code="t">v.9</subfield>
    <subfield code="w">2022-05-25</subfield>
    <subfield code="y">BK</subfield>
  </datafield>
  <datafield tag="952" ind1=" " ind2=" ">
    <subfield code="0">0</subfield>
    <subfield code="1">0</subfield>
    <subfield code="2">ddc</subfield>
    <subfield code="4">0</subfield>
    <subfield code="7">0</subfield>
    <subfield code="8">CR-G</subfield>
    <subfield code="a">BPMET</subfield>
    <subfield code="b">BPMET</subfield>
    <subfield code="d">2022-05-25</subfield>
    <subfield code="l">0</subfield>
    <subfield code="o">BPMSU CGR R503  E56s 1990</subfield>
    <subfield code="p">BPMSU22050071</subfield>
    <subfield code="r">2022-05-25</subfield>
    <subfield code="t">v.10</subfield>
    <subfield code="w">2022-05-25</subfield>
    <subfield code="y">BK</subfield>
  </datafield>
  <datafield tag="952" ind1=" " ind2=" ">
    <subfield code="0">0</subfield>
    <subfield code="1">0</subfield>
    <subfield code="2">ddc</subfield>
    <subfield code="4">0</subfield>
    <subfield code="7">0</subfield>
    <subfield code="8">CR-G</subfield>
    <subfield code="a">BPMET</subfield>
    <subfield code="b">BPMET</subfield>
    <subfield code="d">2022-05-25</subfield>
    <subfield code="l">0</subfield>
    <subfield code="o">BPMSU CGR R503  E56s 1990</subfield>
    <subfield code="p">BPMSU22050072</subfield>
    <subfield code="r">2022-05-25</subfield>
    <subfield code="t">v.11</subfield>
    <subfield code="w">2022-05-25</subfield>
    <subfield code="y">BK</subfield>
  </datafield>
  <datafield tag="952" ind1=" " ind2=" ">
    <subfield code="0">0</subfield>
    <subfield code="1">0</subfield>
    <subfield code="2">ddc</subfield>
    <subfield code="4">0</subfield>
    <subfield code="7">0</subfield>
    <subfield code="8">CR-G</subfield>
    <subfield code="a">BPMET</subfield>
    <subfield code="b">BPMET</subfield>
    <subfield code="d">2022-05-25</subfield>
    <subfield code="l">0</subfield>
    <subfield code="o">BPMSU CGR R503  E56s 1990</subfield>
    <subfield code="p">BPMSU22050073</subfield>
    <subfield code="r">2022-05-25</subfield>
    <subfield code="t">v.13</subfield>
    <subfield code="w">2022-05-25</subfield>
    <subfield code="y">BK</subfield>
  </datafield>
  <datafield tag="952" ind1=" " ind2=" ">
    <subfield code="0">0</subfield>
    <subfield code="1">0</subfield>
    <subfield code="2">ddc</subfield>
    <subfield code="4">0</subfield>
    <subfield code="7">0</subfield>
    <subfield code="8">CR-G</subfield>
    <subfield code="a">BPMET</subfield>
    <subfield code="b">BPMET</subfield>
    <subfield code="d">2022-05-25</subfield>
    <subfield code="o">BPMSU CGR R503  E56s 1990</subfield>
    <subfield code="p">BPMSU22050074</subfield>
    <subfield code="r">2022-05-25</subfield>
    <subfield code="t">v.14</subfield>
    <subfield code="w">2022-05-25</subfield>
    <subfield code="y">BK</subfield>
  </datafield>
  <datafield tag="999" ind1=" " ind2=" ">
    <subfield code="c">14215</subfield>
    <subfield code="d">14215</subfield>
  </datafield>
</record>
